GUSTAVE MOREAU, Écrits sur l’art. Préface de GENEVIÈVE LACAMBRE, textes établis, présentés et annotés par PETER COOKE, Fontfroide, Fata Morgana, Musée Gustave Moreau, 2002. Deux vol. 14 × 22 d’un total de 401 p. (notice n° 1653768)
[ vue normale ]
| 000 -LEADER | |
|---|---|
| fixed length control field | 00695cam a2200145 4500500 |
| 005 - DATE AND TIME OF LATEST TRANSACTION | |
| control field | 20260208005805.0 |
| 041 ## - LANGUAGE CODE | |
| Language code of text/sound track or separate title | fre |
| 042 ## - AUTHENTICATION CODE | |
| Authentication code | dc |
| 100 10 - MAIN ENTRY--PERSONAL NAME | |
| Personal name | Pety, Dominique |
| Relator term | author |
| 245 00 - TITLE STATEMENT | |
| Title | GUSTAVE MOREAU, Écrits sur l’art. Préface de GENEVIÈVE LACAMBRE, textes établis, présentés et annotés par PETER COOKE, Fontfroide, Fata Morgana, Musée Gustave Moreau, 2002. Deux vol. 14 × 22 d’un total de 401 p. |
| 260 ## - PUBLICATION, DISTRIBUTION, ETC. | |
| Date of publication, distribution, etc. | 2004.<br/> |
| 500 ## - GENERAL NOTE | |
| General note | 10 |
| 786 0# - DATA SOURCE ENTRY | |
| Note | Revue d'histoire littéraire de la France | 104 | 3 | 2004-06-01 | p. 687zc-738zc | 0035-2411 |
| 856 41 - ELECTRONIC LOCATION AND ACCESS | |
| Uniform Resource Identifier | <a href="https://shs.cairn.info/revue-d-histoire-litteraire-de-la-france-2004-3-page-687zc?lang=fr&redirect-ssocas=7080">https://shs.cairn.info/revue-d-histoire-litteraire-de-la-france-2004-3-page-687zc?lang=fr&redirect-ssocas=7080</a> |
Pas d'exemplaire disponible.




Réseaux sociaux